000 00831nam a2200229Ia 4500
001 9052
003 GE_BSU
008 181216s||||||||xx |||||||||||||| ||und||
040 _cGE_BSU
080 _a821.353.1-31
100 _aკუსრაშვილი,ამირან
245 _aღამეზე გადებული ხიდები;ესე არს დღე.
245 _bრომანი
245 _cრედ:ოთარ ნოდია;მხატვ:ლ.ცუცქირიძე.
260 _aთბილისი.
260 _bსაბჭ.საქართველო
260 _c1979
300 _a536გვ;20სმ.
653 _aრომანი
653 _aღამეზე გადებული ხიდები;ესე არს დღე.
942 _cBK
999 _c42356
_d42356